La España de cisneros
-д хадгалсан:
| Үндсэн зохиолч: | |
|---|---|
| Формат: | Ном |
| Хэл сонгох: | испани |
| Хэвлэсэн: |
Buenos Aires, Argentina
Juventud Argentina
1945
|
| Нөхцлүүд: | |
| Шошгууд: |
Шошго нэмэх
Шошго байхгүй, Энэхүү баримтыг шошголох эхний хүн болох!
|
MARC
| LEADER | 00000nam a2200000 a 4500 | ||
|---|---|---|---|
| 001 | UCI1760 | ||
| 003 | CL-VaPUC | ||
| 005 | 20200424122958.0 | ||
| 008 | 070713e19450000AG |||||||||||||||||spa|d | ||
| 999 | |c 326499 |d 326497 | ||
| 040 | |c Pontificia Universidad Católica de Valparaíso | ||
| 082 | 0 | 4 | |a 946.03 STA 1945 |2 21 |
| 100 | 0 | |a Starkie, Walter |e author |9 522411 | |
| 245 | 1 | 3 | |a La España de cisneros |
| 260 | |a Buenos Aires, Argentina |b Juventud Argentina |c 1945 | ||
| 300 | |a 465 páginas | ||
| 583 | |a last modification |c 20160817 05:15:40 |k Rodrigo Vera | ||
| 600 | 0 | 7 | |a FERNANDO V |2 CL-VaPUC |9 442581 |z ESPAÑA |
| 650 | 7 | |a HISTORIA DE ESPAÑA |2 CL-VaPUC |9 318547 |y SIGLO 16 | |
| 650 | 7 | |a CARDENALES |2 CL-VaPUC |9 257780 |z ESPAÑA | |
| 852 | |a BIBCUR | ||
| 942 | |c BK |2 ddc | ||
| 945 | |d 20070713 00:00:00 |a jtorresc | ||
| 952 | |0 0 |1 0 |2 ddc |4 0 |6 946_030000000000000_STA_1945 |7 0 |8 X |9 408416 |a BIBHIS |b BIBHIS |d 2019-11-22 |i 4218019 |o 946.03 STA 1945 |p 4218019 |r 2024-01-30 |t 1 |w 2019-11-22 |y BK_X |k HIS | ||